| 000 | 00905nam a2200193Ia 4500 | ||
|---|---|---|---|
| 003 | Ost | ||
| 005 | 20260507075604.0 | ||
| 008 | 260507s9999||||xx |||||||||||||| ||und|| | ||
| 040 | _cfsecg | ||
| 041 | _aara | ||
| 100 |
_aخليفة، محمد ناجي حسن _eمؤلف |
||
| 245 | 0 |
_aالنمو الاقتصادي : _bالنظرية والمفهوم / _c محمد ناجي حسن خليفة |
|
| 260 |
_aالقاهرة: _bدار القاهرة, _c2001 |
||
| 300 |
_a184 صفحة؛ _c24 سم |
||
| 520 | _aمفاهيم أساسية-الإنتاجية والنمو-النمو في الاجل الطويل-النمو الاقتصادي والبطالة-دورة النشاط الاقتصادي(دورة الاعمال)-السكان والموارد-النمو في الدول المتقدمة ومصر. | ||
| 653 | _aالبطالة | ||
| 653 | _aالتنمية الاقتصادية | ||
| 942 | _cكتاب | ||
| 999 |
_c45031 _d45031 |
||